[Event "Blitz 2018"]
[Site "Saint-Petersburg"]
[Date "2018.12.29"]
[Round "5"]
[Board "17"]
[White "Kevlishvili Robby (NED)"]
[Black "Korobov Anton (UKR)"]
[Result "0-1"]
[LiveChessVersion "1.4.8"]
[BlackElo "2677"]
[WhiteElo "2530"]

1. e4 {[%clk 0:03:02]} c5 {[%clk 0:03:04]} 2. Nf3 {[%clk 0:03:03]} Nc6
{[%clk 0:03:05]} 3. d4 {[%clk 0:03:03]} cxd4 {[%clk 0:03:06]} 4. Nxd4
{[%clk 0:03:04]} Qb6 {[%clk 0:03:07]} 5. Nb3 {[%clk 0:03:05]} Nf6
{[%clk 0:03:07]} 6. Nc3 {[%clk 0:03:06]} e6 {[%clk 0:03:08]} 7. Qe2
{[%clk 0:03:06]} Qc7 {[%clk 0:03:09]} 8. Bd2 {[%clk 0:02:58]} a6 {[%clk 0:03:07]}
9. f4 {[%clk 0:02:51]} d6 {[%clk 0:03:08]} 10. Qf3 {[%clk 0:02:39]} b5
{[%clk 0:03:05]} 11. Bd3 {[%clk 0:02:39]} Bb7 {[%clk 0:02:57]} 12. O-O
{[%clk 0:02:33]} Be7 {[%clk 0:02:57]} 13. Rae1 {[%clk 0:02:31]} O-O
{[%clk 0:02:57]} 14. Qg3 {[%clk 0:02:24]} b4 {[%clk 0:02:48]} 15. Nd1
{[%clk 0:02:21]} a5 {[%clk 0:02:44]} 16. Be3 {[%clk 0:02:18]} d5 {[%clk 0:02:25]}
17. e5 {[%clk 0:01:36]} Ne4 {[%clk 0:02:26]} 18. Bxe4 {[%clk 0:01:33]} dxe4
{[%clk 0:02:27]} 19. Nf2 {[%clk 0:01:28]} Ba6 {[%clk 0:02:27]} 20. Nxe4
{[%clk 0:01:29]} Bxf1 {[%clk 0:02:27]} 21. Rxf1 {[%clk 0:01:29]} Rad8
{[%clk 0:02:19]} 22. c3 {[%clk 0:01:24]} a4 {[%clk 0:02:12]} 23. Nbc5
{[%clk 0:01:20]} a3 {[%clk 0:02:09]} 24. cxb4 {[%clk 0:01:12]} axb2
{[%clk 0:02:08]} 25. Qf2 {[%clk 0:01:13]} Nxb4 {[%clk 0:02:04]} 26. Qxb2
{[%clk 0:01:11]} Nd3 {[%clk 0:02:04]} 27. Nxd3 {[%clk 0:01:10]} Rxd3
{[%clk 0:02:04]} 28. Bf2 {[%clk 0:01:08]} Rc8 {[%clk 0:01:53]} 29. h3
{[%clk 0:00:57]} h6 {[%clk 0:01:48]} 30. Rb1 {[%clk 0:00:47]} Qc6
{[%clk 0:01:37]} 31. Qe2 {[%clk 0:00:26]} Ra3 {[%clk 0:01:31]} 32. Ng3
{[%clk 0:00:22]} Bh4 {[%clk 0:01:18]} 33. Qg4 {[%clk 0:00:22]} Bxg3
{[%clk 0:01:15]} 34. Bxg3 {[%clk 0:00:23]} Rxa2 {[%clk 0:01:13]} 35. Bh4
{[%clk 0:00:24]} Qe4 {[%clk 0:01:11]} 36. Re1 {[%clk 0:00:21]} Qg6
{[%clk 0:01:02]} 37. Qxg6 {[%clk 0:00:11]} fxg6 {[%clk 0:01:03]} 38. Re3
{[%clk 0:00:11]} Rcc2 {[%clk 0:00:55]} 39. Rg3 {[%clk 0:00:13]} Kf7
{[%clk 0:00:56]} 40. Bd8 {[%clk 0:00:13]} Ra4 {[%clk 0:00:42]} 41. Rf3
{[%clk 0:00:11]} Rcc4 {[%clk 0:00:43]} 42. Rd3 {[%clk 0:00:08]} Rd4
{[%clk 0:00:40]} 0-1

[Event "Blitz 2018"]
[Site "Saint-Petersburg"]
[Date "2018.12.29"]
[Round "5"]
[Board "18"]
[White "Salgado Lopez Ivan (ESP)"]
[Black "Adly Ahmed (EGY)"]
[Result "0-1"]
[LiveChessVersion "1.4.8"]
[BlackElo "2675"]
[WhiteElo "2513"]

1. d4 {[%clk 0:03:03]} Nf6 {[%clk 0:03:03]} 2. Bg5 {[%clk 0:03:03]} Ne4
{[%clk 0:03:02]} 3. Bf4 {[%clk 0:03:04]} c5 {[%clk 0:03:04]} 4. d5
{[%clk 0:02:58]} Qb6 {[%clk 0:03:04]} 5. Bc1 {[%clk 0:02:52]} e6 {[%clk 0:02:58]}
6. f3 {[%clk 0:02:50]} Nd6 {[%clk 0:02:50]} 7. Nc3 {[%clk 0:02:44]} Be7
{[%clk 0:02:41]} 8. e4 {[%clk 0:02:45]} Bf6 {[%clk 0:02:42]} 9. Nge2
{[%clk 0:02:29]} c4 {[%clk 0:02:30]} 10. Nf4 {[%clk 0:02:17]} O-O
{[%clk 0:02:14]} 11. Qe2 {[%clk 0:02:10]} Be5 {[%clk 0:02:05]} 12. Nd1
{[%clk 0:01:59]} f5 {[%clk 0:02:00]} 13. dxe6 {[%clk 0:01:28]} fxe4
{[%clk 0:01:57]} 14. e7 {[%clk 0:01:16]} Re8 15. Nd5 {[%clk 0:01:08]} Qa5+
{[%clk 0:01:49]} 16. N1c3 {[%clk 0:01:08]} Nc6 {[%clk 0:01:40]} 17. fxe4
{[%clk 0:00:57]} Nxe7 {[%clk 0:01:31]} 18. Nxe7+ {[%clk 0:00:53]} Rxe7
{[%clk 0:01:31]} 19. Bd2 {[%clk 0:00:54]} Rf7 {[%clk 0:01:13]} 20. O-O-O
{[%clk 0:00:44]} b5 {[%clk 0:01:15]} 21. a3 {[%clk 0:00:29]} b4 {[%clk 0:01:13]}
22. Nd5 {[%clk 0:00:09]} c3 {[%clk 0:01:14]} 23. Be1 {[%clk 0:00:04]} cxb2+
{[%clk 0:01:10]} 24. Kb1 {[%clk 0:00:06]} Qxa3 25. c4 b3 {[%clk 0:01:09]} 0-1

[Event "Blitz 2018"]
[Site "Saint-Petersburg"]
[Date "2018.12.29"]
[Round "5"]
[Board "19"]
[White "Alekseenko Kirill (RUS)"]
[Black "Smirin Ilia (ISR)"]
[Result "1-0"]
[LiveChessVersion "1.4.8"]
[BlackElo "2582"]
[WhiteElo "2665"]

1. e4 {[%clk 0:03:03]} g6 {[%clk 0:03:03]} 2. d4 {[%clk 0:03:02]} Bg7
{[%clk 0:03:04]} 3. Nc3 {[%clk 0:03:03]} d6 {[%clk 0:03:05]} 4. f4
{[%clk 0:03:04]} Nf6 {[%clk 0:03:06]} 5. Nf3 {[%clk 0:03:05]} O-O
{[%clk 0:03:06]} 6. Bd3 {[%clk 0:03:06]} c5 {[%clk 0:03:07]} 7. d5
{[%clk 0:03:02]} b5 {[%clk 0:02:58]} 8. Nxb5 {[%clk 0:02:41]} c4 {[%clk 0:02:51]}
9. Bxc4 {[%clk 0:02:38]} Nxe4 {[%clk 0:02:51]} 10. Nbd4 {[%clk 0:02:30]} Qa5+
{[%clk 0:02:35]} 11. c3 {[%clk 0:02:28]} Bb7 {[%clk 0:02:34]} 12. Be3
{[%clk 0:02:15]} Rc8 {[%clk 0:02:26]} 13. Nb3 {[%clk 0:02:10]} Qc7
{[%clk 0:02:06]} 14. Be2 {[%clk 0:02:08]} Nd7 {[%clk 0:02:06]} 15. O-O
{[%clk 0:02:01]} Nb6 {[%clk 0:02:08]} 16. Bd4 {[%clk 0:01:34]} Nxd5
{[%clk 0:02:02]} 17. Bxg7 {[%clk 0:01:30]} Ne3 {[%clk 0:01:56]} 18. Qc1
{[%clk 0:01:10]} Nxf1 {[%clk 0:01:55]} 19. Bd4 {[%clk 0:01:11]} Nfg3
{[%clk 0:01:28]} 20. hxg3 {[%clk 0:01:12]} Nxg3 {[%clk 0:01:29]} 21. Qe1
{[%clk 0:01:13]} Nf5 {[%clk 0:01:27]} 22. Bf2 {[%clk 0:01:13]} e5
{[%clk 0:01:28]} 23. fxe5 {[%clk 0:01:07]} dxe5 {[%clk 0:01:29]} 24. Bf1
{[%clk 0:00:30]} e4 {[%clk 0:01:29]} 25. Nfd4 {[%clk 0:00:27]} Nd6
{[%clk 0:01:21]} 26. Bg3 {[%clk 0:00:26]} Qe7 {[%clk 0:01:22]} 27. Qe3
{[%clk 0:00:20]} Bd5 {[%clk 0:01:18]} 28. Nd2 {[%clk 0:00:19]} Rab8
{[%clk 0:01:17]} 29. b3 {[%clk 0:00:20]} Rb6 {[%clk 0:01:14]} 30. c4
{[%clk 0:00:20]} Ba8 {[%clk 0:01:14]} 31. Be2 {[%clk 0:00:21]} h5
{[%clk 0:00:54]} 32. Rf1 {[%clk 0:00:21]} Ne8 {[%clk 0:00:50]} 33. Bf4
{[%clk 0:00:21]} Rf6 {[%clk 0:00:50]} 34. Nb1 {[%clk 0:00:19]} Nd6
{[%clk 0:00:50]} 35. Nc3 {[%clk 0:00:20]} Nf5 {[%clk 0:00:51]} 36. Nxf5
{[%clk 0:00:20]} Rxf5 {[%clk 0:00:52]} 37. Bg3 {[%clk 0:00:17]} Rxf1+
{[%clk 0:00:52]} 38. Bxf1 {[%clk 0:00:18]} Qf6 {[%clk 0:00:50]} 39. Bf4
{[%clk 0:00:14]} Re8 {[%clk 0:00:48]} 40. Bg5 {[%clk 0:00:14]} Qe5
{[%clk 0:00:48]} 41. Bf4 {[%clk 0:00:15]} Qf6 {[%clk 0:00:49]} 42. c5
{[%clk 0:00:13]} Bc6 {[%clk 0:00:49]} 43. b4 {[%clk 0:00:14]} h4 {[%clk 0:00:32]}
44. b5 {[%clk 0:00:16]} Bd7 {[%clk 0:00:33]} 45. Nd5 {[%clk 0:00:16]} Qf5
{[%clk 0:00:31]} 46. Qd4 {[%clk 0:00:16]} Re6 {[%clk 0:00:27]} 47. c6
{[%clk 0:00:12]} Bc8 {[%clk 0:00:28]} 48. Bh6 {[%clk 0:00:08]} Qe5
{[%clk 0:00:28]} 49. Qxe5 {[%clk 0:00:07]} Rxe5 {[%clk 0:00:28]} 50. Nf6+
{[%clk 0:00:08]} Kh8 {[%clk 0:00:29]} 51. Bf8 {[%clk 0:00:06]} e3
{[%clk 0:00:29]} 52. Be2 {[%clk 0:00:08]} Rf5 {[%clk 0:00:28]} 53. Ne4
{[%clk 0:00:07]} Rf4 {[%clk 0:00:28]} 54. Nd6 {[%clk 0:00:07]} Be6
{[%clk 0:00:29]} 55. Bh6 {[%clk 0:00:08]} Rf2 {[%clk 0:00:30]} 56. Bc4
{[%clk 0:00:07]} Rc2 {[%clk 0:00:28]} 57. Bxe6 {[%clk 0:00:06]} e2
{[%clk 0:00:29]} 58. Kf2 {[%clk 0:00:08]} fxe6 {[%clk 0:00:30]} 59. Ke1
{[%clk 0:00:08]} Kg8 {[%clk 0:00:30]} 60. Bd2 {[%clk 0:00:09]} e5
{[%clk 0:00:30]} 61. Kxe2 {[%clk 0:00:10]} g5 {[%clk 0:00:31]} 62. Kd3
{[%clk 0:00:11]} Rc5 {[%clk 0:00:32]} 63. Be3 {[%clk 0:00:08]} Rd5+
{[%clk 0:00:33]} 64. Ke4 {[%clk 0:00:09]} Rd1 {[%clk 0:00:33]} 65. c7
{[%clk 0:00:10]} 1-0

[Event "Blitz 2018"]
[Site "Saint-Petersburg"]
[Date "2018.12.29"]
[Round "5"]
[Board "20"]
[White "Vokhidov Shamsiddin (UZB)"]
[Black "Matlakov Maxim (RUS)"]
[Result "1/2-1/2"]
[LiveChessVersion "1.4.8"]
[BlackElo "2653"]
[WhiteElo "2414"]

1. e4 {[%clk 0:03:03]} e5 {[%clk 0:03:03]} 2. Nf3 Nc6 3. Bc4 {[%clk 0:03:05]} Nf6
{[%clk 0:03:05]} 4. d3 {[%clk 0:03:06]} h6 {[%clk 0:03:06]} 5. c3
{[%clk 0:03:06]} d6 {[%clk 0:03:07]} 6. O-O {[%clk 0:03:05]} g5 {[%clk 0:03:08]}
7. Re1 {[%clk 0:03:04]} Bg7 {[%clk 0:03:09]} 8. Na3 {[%clk 0:02:57]} O-O
{[%clk 0:03:08]} 9. Nc2 {[%clk 0:02:57]} d5 {[%clk 0:03:06]} 10. exd5 Nxd5
{[%clk 0:03:07]} 11. d4 {[%clk 0:02:51]} exd4 {[%clk 0:02:54]} 12. Ncxd4
{[%clk 0:02:51]} Nxd4 {[%clk 0:02:51]} 13. Nxd4 {[%clk 0:02:51]} Nb6
{[%clk 0:02:46]} 14. Bb3 {[%clk 0:02:45]} Qf6 {[%clk 0:02:44]} 15. Be3
{[%clk 0:02:27]} Rd8 {[%clk 0:02:35]} 16. Qe2 {[%clk 0:02:23]} Nd5
{[%clk 0:02:31]} 17. Rad1 {[%clk 0:02:21]} Nxe3 {[%clk 0:02:24]} 18. fxe3
{[%clk 0:02:16]} Rf8 {[%clk 0:02:14]} 19. Rf1 {[%clk 0:02:10]} Qe5
{[%clk 0:02:15]} 20. Rf2 {[%clk 0:01:57]} c5 {[%clk 0:02:05]} 21. Nb5
{[%clk 0:01:55]} a6 {[%clk 0:01:51]} 22. Nd6 {[%clk 0:01:43]} Be6
{[%clk 0:01:52]} 23. Bxe6 {[%clk 0:01:30]} Qxe6 {[%clk 0:01:48]} 24. Nxb7
{[%clk 0:01:26]} Qxa2 {[%clk 0:01:37]} 25. Nxc5 {[%clk 0:01:25]} Rad8
{[%clk 0:01:37]} 26. Rdf1 {[%clk 0:01:23]} a5 {[%clk 0:01:36]} 27. Ne4
{[%clk 0:01:20]} a4 {[%clk 0:01:29]} 28. Nf6+ {[%clk 0:01:18]} Bxf6
{[%clk 0:01:23]} 29. Rxf6 {[%clk 0:01:19]} Qd5 {[%clk 0:00:51]} 30. Qh5
{[%clk 0:01:15]} Qe5 {[%clk 0:00:48]} 31. Rxf7 {[%clk 0:01:12]} Qxe3+
{[%clk 0:00:50]} 32. Kh1 {[%clk 0:01:13]} Qe6 {[%clk 0:00:51]} 33. Rxf8+
{[%clk 0:00:58]} Rxf8 {[%clk 0:00:52]} 34. Rg1 {[%clk 0:00:52]} Rf2
{[%clk 0:00:52]} 35. Qd1 {[%clk 0:00:50]} Rxb2 {[%clk 0:00:49]} 36. Qxa4
{[%clk 0:00:43]} Qe2 {[%clk 0:00:46]} 37. Qc6 {[%clk 0:00:37]} Kg7
{[%clk 0:00:47]} 38. Qd7+ {[%clk 0:00:37]} Kg6 {[%clk 0:00:48]} 39. Qd6+
{[%clk 0:00:37]} Kg7 {[%clk 0:00:50]} 40. c4 {[%clk 0:00:36]} Rc2
{[%clk 0:00:48]} 41. c5 {[%clk 0:00:32]} Qc4 {[%clk 0:00:46]} 42. Re1
{[%clk 0:00:27]} Rc1 {[%clk 0:00:47]} 43. Qe7+ {[%clk 0:00:20]} Kg6
{[%clk 0:00:48]} 44. Qe8+ {[%clk 0:00:19]} Kg7 {[%clk 0:00:49]} 45. Qd7+
{[%clk 0:00:16]} Kg6 {[%clk 0:00:50]} 46. Qd6+ {[%clk 0:00:16]} Kg7
{[%clk 0:00:51]} 47. Qc7+ {[%clk 0:00:13]} Kg6 {[%clk 0:00:52]} 48. Qc6+
{[%clk 0:00:11]} Kg7 {[%clk 0:00:51]} 49. Qd7+ {[%clk 0:00:10]} 1/2-1/2

[Event "Blitz 2018"]
[Site "Saint-Petersburg"]
[Date "2018.12.29"]
[Round "5"]
[Board "21"]
[White "Indjic Aleksandar (SRB)"]
[Black "Timofeev Artyom (RUS)"]
[Result "0-1"]
[LiveChessVersion "1.4.8"]
[BlackElo "2568"]
[WhiteElo "2643"]

1. e3 {[%clk 0:03:01]} Nf6 {[%clk 0:03:00]} 2. c4 {[%clk 0:02:59]} g6
{[%clk 0:03:00]} 3. b3 {[%clk 0:02:48]} Bg7 {[%clk 0:03:00]} 4. Bb2
{[%clk 0:02:50]} O-O {[%clk 0:02:59]} 5. Nf3 {[%clk 0:02:51]} b6 {[%clk 0:02:58]}
6. d3 {[%clk 0:02:51]} Bb7 {[%clk 0:02:57]} 7. Nbd2 {[%clk 0:02:53]} c5
{[%clk 0:02:43]} 8. Qc2 {[%clk 0:02:52]} Nc6 {[%clk 0:02:42]} 9. a3
{[%clk 0:02:53]} e6 {[%clk 0:02:40]} 10. Be2 {[%clk 0:02:51]} d5 {[%clk 0:02:40]}
11. O-O {[%clk 0:02:51]} Qe7 {[%clk 0:02:36]} 12. Rfe1 {[%clk 0:02:52]} Rfd8
{[%clk 0:02:35]} 13. Bf1 {[%clk 0:02:53]} Rac8 {[%clk 0:02:36]} 14. h3
{[%clk 0:02:52]} e5 {[%clk 0:02:22]} 15. cxd5 {[%clk 0:02:50]} Nxd5
{[%clk 0:02:23]} 16. Rac1 {[%clk 0:02:49]} Qd7 {[%clk 0:01:51]} 17. Qb1
{[%clk 0:02:49]} Re8 {[%clk 0:01:51]} 18. Nc4 {[%clk 0:02:39]} Rcd8
{[%clk 0:01:38]} 19. Qa1 {[%clk 0:02:40]} Qc7 {[%clk 0:01:39]} 20. Red1
{[%clk 0:02:29]} Qe7 {[%clk 0:01:36]} 21. Re1 {[%clk 0:01:59]} Qc7
{[%clk 0:01:32]} 22. g3 {[%clk 0:01:29]} Qb8 {[%clk 0:01:15]} 23. e4
{[%clk 0:01:25]} Nde7 {[%clk 0:01:02]} 24. Ncxe5 {[%clk 0:01:25]} Na5
{[%clk 0:00:50]} 25. Qa2 {[%clk 0:01:09]} Rf8 {[%clk 0:00:51]} 26. b4
{[%clk 0:01:09]} cxb4 {[%clk 0:00:51]} 27. axb4 {[%clk 0:01:10]} Nac6
{[%clk 0:00:52]} 28. Nxc6 {[%clk 0:01:11]} Nxc6 {[%clk 0:00:53]} 29. Bxg7
{[%clk 0:01:11]} Kxg7 {[%clk 0:00:54]} 30. Qb2+ {[%clk 0:01:12]} Kg8
{[%clk 0:00:55]} 31. b5 {[%clk 0:01:12]} Ne7 {[%clk 0:00:51]} 32. Ne5
{[%clk 0:01:13]} Qd6 {[%clk 0:00:51]} 33. Ng4 {[%clk 0:01:11]} f6
{[%clk 0:00:46]} 34. Qa2+ {[%clk 0:00:56]} Kg7 {[%clk 0:00:47]} 35. Qxa7
{[%clk 0:00:56]} Rd7 {[%clk 0:00:48]} 36. Qa1 {[%clk 0:00:57]} Qe6
{[%clk 0:00:38]} 37. Qb2 {[%clk 0:00:31]} h5 {[%clk 0:00:37]} 38. Ne3
{[%clk 0:00:32]} Kh7 {[%clk 0:00:37]} 39. Qb4 {[%clk 0:00:28]} Rfd8
{[%clk 0:00:35]} 40. h4 {[%clk 0:00:27]} Qe5 {[%clk 0:00:30]} 41. Qc3
{[%clk 0:00:26]} Qe6 {[%clk 0:00:29]} 42. Qb4 {[%clk 0:00:23]} Qe5
{[%clk 0:00:30]} 43. Nc4 {[%clk 0:00:23]} Qe6 {[%clk 0:00:31]} 44. Qb2
{[%clk 0:00:24]} Ng8 {[%clk 0:00:20]} 45. Ra1 {[%clk 0:00:25]} Nh6
{[%clk 0:00:20]} 46. Ra7 {[%clk 0:00:18]} Ng4 {[%clk 0:00:20]} 47. d4
{[%clk 0:00:16]} Kh8 {[%clk 0:00:21]} 48. d5 {[%clk 0:00:17]} Bxd5
{[%clk 0:00:22]} 49. Rxd7 {[%clk 0:00:17]} Rxd7 {[%clk 0:00:23]} 50. Nxb6
{[%clk 0:00:15]} Qxb6 {[%clk 0:00:22]} 0-1

[Event "Blitz 2018"]
[Site "Saint-Petersburg"]
[Date "2018.12.29"]
[Round "5"]
[Board "24"]
[White "Antipov Mikhail Al. (RUS)"]
[Black "Giri Anish (NED)"]
[Result "0-1"]
[LiveChessVersion "1.4.8"]
[BlackElo "2751"]
[WhiteElo "2604"]

1. e4 c5 2. Nf3 d6 3. Bb5+ Nd7 4. Ba4 {[%clk 0:03:05]} Ngf6 {[%clk 0:03:07]} 5.
O-O {[%clk 0:03:06]} a6 {[%clk 0:03:06]} 6. c4 {[%clk 0:03:07]} e6
{[%clk 0:03:07]} 7. Nc3 {[%clk 0:03:06]} Be7 {[%clk 0:03:08]} 8. d4
{[%clk 0:03:06]} cxd4 {[%clk 0:03:10]} 9. Qxd4 {[%clk 0:03:07]} O-O
{[%clk 0:03:07]} 10. h3 {[%clk 0:03:07]} Qc7 {[%clk 0:03:04]} 11. Bg5
{[%clk 0:03:06]} h6 {[%clk 0:02:58]} 12. Bh4 {[%clk 0:03:05]} Ne5
{[%clk 0:02:59]} 13. Nd2 {[%clk 0:02:35]} b6 {[%clk 0:02:54]} 14. Bb3
{[%clk 0:02:21]} Bb7 {[%clk 0:02:54]} 15. Qe3 {[%clk 0:02:05]} Ng6
{[%clk 0:02:23]} 16. Bg3 {[%clk 0:02:00]} Nh5 {[%clk 0:02:24]} 17. Bh2
{[%clk 0:02:01]} Bg5 {[%clk 0:02:25]} 18. Qe1 {[%clk 0:01:53]} Bf4
{[%clk 0:02:20]} 19. Bxf4 {[%clk 0:01:42]} Nhxf4 {[%clk 0:02:21]} 20. Qe3
{[%clk 0:01:30]} Kh8 {[%clk 0:02:07]} 21. Bd1 {[%clk 0:01:11]} f5
{[%clk 0:01:23]} 22. Bf3 {[%clk 0:00:49]} fxe4 {[%clk 0:01:22]} 23. Bxe4
{[%clk 0:00:38]} Ne5 {[%clk 0:01:23]} 24. Bxb7 {[%clk 0:00:32]} Qxb7
{[%clk 0:01:23]} 25. Nce4 {[%clk 0:00:21]} Rad8 {[%clk 0:01:24]} 26. Rad1
{[%clk 0:00:05]} d5 {[%clk 0:01:25]} 27. Nd6 {[%clk 0:00:03]} Rxd6
{[%clk 0:01:14]} 28. Qxe5 {[%clk 0:00:04]} dxc4 {[%clk 0:01:12]} 29. Ne4
{[%clk 0:00:04]} Rd5 {[%clk 0:01:10]} 30. Rxd5 {[%clk 0:00:03]} Qxd5
{[%clk 0:01:07]} 31. Qxd5 {[%clk 0:00:03]} exd5 {[%clk 0:01:09]} 32. Nd6
{[%clk 0:00:03]} Kg8 {[%clk 0:01:04]} 33. h4 {[%clk 0:00:04]} Rd8
{[%clk 0:01:03]} 34. Nf5 {[%clk 0:00:05]} d4 {[%clk 0:01:03]} 35. g3
{[%clk 0:00:04]} Ne6 {[%clk 0:01:01]} 36. Rc1 {[%clk 0:00:03]} b5
{[%clk 0:01:02]} 37. Kg2 {[%clk 0:00:04]} h5 {[%clk 0:00:59]} 38. a4
{[%clk 0:00:04]} Kf7 {[%clk 0:00:59]} 39. axb5 {[%clk 0:00:05]} axb5
{[%clk 0:01:01]} 40. f3 {[%clk 0:00:04]} g6 {[%clk 0:00:59]} 0-1

[Event "Blitz 2018"]
[Site "Saint-Petersburg"]
[Date "2018.12.29"]
[Round "5"]
[Board "25"]
[White "Fedoseev Vladimir (RUS)"]
[Black "Golubov Saveliy (RUS)"]
[Result "0-1"]
[LiveChessVersion "1.4.8"]
[BlackElo "2574"]
[WhiteElo "2750"]

1. e4 {[%clk 0:03:03]} c5 {[%clk 0:03:04]} 2. Nf3 {[%clk 0:03:04]} e6
{[%clk 0:03:05]} 3. d4 {[%clk 0:02:59]} d5 {[%clk 0:03:06]} 4. Bb5+
{[%clk 0:02:47]} Nc6 {[%clk 0:03:06]} 5. exd5 {[%clk 0:02:47]} exd5
{[%clk 0:03:07]} 6. O-O {[%clk 0:02:43]} Nf6 {[%clk 0:03:07]} 7. Re1+
{[%clk 0:02:39]} Be6 {[%clk 0:03:08]} 8. Be3 {[%clk 0:02:07]} Ng4
{[%clk 0:02:44]} 9. Bg5 {[%clk 0:01:59]} Be7 {[%clk 0:02:30]} 10. Bxe7
{[%clk 0:02:00]} Qxe7 {[%clk 0:02:30]} 11. c4 {[%clk 0:02:01]} a6
{[%clk 0:00:59]} 12. Ba4 {[%clk 0:01:29]} dxc4 {[%clk 0:00:45]} 13. d5
{[%clk 0:01:30]} O-O-O {[%clk 0:00:45]} 14. Nfd2 {[%clk 0:01:06]} Qf6
{[%clk 0:00:24]} 15. Ne4 {[%clk 0:01:00]} Qxb2 {[%clk 0:00:23]} 16. Nbc3
{[%clk 0:01:00]} Nb4 {[%clk 0:00:08]} 17. Qf3 {[%clk 0:00:34]} Nxd5
{[%clk 0:00:06]} 18. Rab1 {[%clk 0:00:35]} Qa3 {[%clk 0:00:04]} 19. Nxd5
{[%clk 0:00:36]} Qxf3 {[%clk 0:00:04]} 20. Nb6+ {[%clk 0:00:37]} Kc7
{[%clk 0:00:06]} 21. gxf3 {[%clk 0:00:34]} Ne5 {[%clk 0:00:07]} 22. Bd1
{[%clk 0:00:27]} Nd3 {[%clk 0:00:08]} 23. Re3 {[%clk 0:00:26]} Rd4
{[%clk 0:00:03]} 24. Na4 {[%clk 0:00:23]} Kc6 {[%clk 0:00:03]} 25. Rb6+
{[%clk 0:00:22]} Kc7 {[%clk 0:00:05]} 26. Rb1 {[%clk 0:00:18]} Kc6
{[%clk 0:00:07]} 27. Nb6 {[%clk 0:00:11]} Rhd8 {[%clk 0:00:05]} 28. Ba4+
{[%clk 0:00:13]} Kc7 {[%clk 0:00:07]} 29. a3 {[%clk 0:00:12]} h6 {[%clk 0:00:05]}
30. h4 {[%clk 0:00:12]} Bd5 {[%clk 0:00:04]} 31. Nc3 {[%clk 0:00:12]} Be6
{[%clk 0:00:05]} 32. Bc2 {[%clk 0:00:11]} Nf4 {[%clk 0:00:05]} 33. Be4
{[%clk 0:00:10]} R8d6 {[%clk 0:00:05]} 34. Nba4 {[%clk 0:00:11]} b6 35. Bc2
{[%clk 0:00:09]} Nd3 {[%clk 0:00:06]} 36. Ne4 {[%clk 0:00:09]} Rc6
{[%clk 0:00:06]} 37. Nac3 {[%clk 0:00:10]} b5 {[%clk 0:00:07]} 38. Ne2
{[%clk 0:00:10]} Rd8 {[%clk 0:00:07]} 39. N2g3 {[%clk 0:00:07]} Nf4
{[%clk 0:00:07]} 40. Nc3 {[%clk 0:00:07]} Rd2 {[%clk 0:00:07]} 41. Be4
{[%clk 0:00:08]} Rcd6 {[%clk 0:00:08]} 42. Nf5 {[%clk 0:00:08]} Rd7
{[%clk 0:00:07]} 43. Nxg7 {[%clk 0:00:09]} Nh3+ {[%clk 0:00:05]} 44. Kg2
{[%clk 0:00:09]} Nxf2 {[%clk 0:00:06]} 45. Kg3 {[%clk 0:00:09]} Nd3
{[%clk 0:00:05]} 46. Bf5 {[%clk 0:00:08]} b4 {[%clk 0:00:04]} 47. Bxe6
{[%clk 0:00:08]} fxe6 {[%clk 0:00:06]} 48. Nxe6+ {[%clk 0:00:08]} Kc6
{[%clk 0:00:07]} 49. Ne4 {[%clk 0:00:06]} c3 {[%clk 0:00:08]} 50. Nxd2
{[%clk 0:00:07]} cxd2 {[%clk 0:00:08]} 51. axb4 {[%clk 0:00:08]} Nc1
{[%clk 0:00:06]} 52. Nxc5 {[%clk 0:00:06]} d1=Q {[%clk 0:00:07]} 53. Nxd7
{[%clk 0:00:07]} Kxd7 {[%clk 0:00:05]} 54. Rb2 {[%clk 0:00:08]} Qd4
{[%clk 0:00:03]} 0-1

[Event "Blitz 2018"]
[Site "Saint-Petersburg"]
[Date "2018.12.29"]
[Round "5"]
[Board "28"]
[White "Guseinov Gadir (AZE)"]
[Black "Popov Ivan (RUS)"]
[Result "1/2-1/2"]
[LiveChessVersion "1.4.8"]
[BlackElo "2560"]
[WhiteElo "2708"]

1. e4 {[%clk 0:03:03]} c5 {[%clk 0:03:04]} 2. Nc3 {[%clk 0:03:04]} a6
{[%clk 0:03:05]} 3. Nf3 {[%clk 0:03:02]} e6 {[%clk 0:03:06]} 4. d4
{[%clk 0:03:03]} cxd4 {[%clk 0:03:07]} 5. Nxd4 {[%clk 0:03:05]} b5
{[%clk 0:03:01]} 6. Bd3 {[%clk 0:03:06]} Bb7 {[%clk 0:03:01]} 7. O-O
{[%clk 0:03:06]} Nc6 {[%clk 0:02:59]} 8. Nxc6 {[%clk 0:03:05]} Bxc6
{[%clk 0:03:00]} 9. Re1 {[%clk 0:03:07]} Bc5 {[%clk 0:02:57]} 10. Qh5
{[%clk 0:03:03]} Bd4 {[%clk 0:02:49]} 11. Ne2 {[%clk 0:03:01]} g6
{[%clk 0:02:45]} 12. Qh3 {[%clk 0:02:50]} Bg7 {[%clk 0:02:44]} 13. c3
{[%clk 0:02:51]} Nf6 {[%clk 0:02:14]} 14. Nd4 {[%clk 0:02:49]} Bb7
{[%clk 0:02:15]} 15. Bh6 {[%clk 0:02:42]} O-O {[%clk 0:02:13]} 16. Bxg7
{[%clk 0:02:41]} Kxg7 {[%clk 0:02:14]} 17. e5 {[%clk 0:02:32]} Nd5
{[%clk 0:02:14]} 18. Be4 {[%clk 0:02:25]} f5 {[%clk 0:02:04]} 19. Bxd5
{[%clk 0:02:06]} Bxd5 {[%clk 0:02:04]} 20. f4 {[%clk 0:02:08]} b4
{[%clk 0:01:54]} 21. cxb4 {[%clk 0:01:48]} Qb6 {[%clk 0:01:55]} 22. Qe3
{[%clk 0:01:49]} Qxb4 {[%clk 0:01:53]} 23. b3 {[%clk 0:01:50]} Rfc8
{[%clk 0:01:48]} 24. Rec1 {[%clk 0:01:38]} a5 {[%clk 0:01:48]} 25. a3
{[%clk 0:01:01]} Qb7 {[%clk 0:01:49]} 26. Qd2 {[%clk 0:00:56]} Rxc1+
{[%clk 0:01:34]} 27. Rxc1 {[%clk 0:00:57]} Rc8 {[%clk 0:01:35]} 28. Rxc8
{[%clk 0:00:49]} Qxc8 {[%clk 0:01:36]} 29. Kf2 {[%clk 0:00:42]} Qc5
{[%clk 0:01:29]} 30. b4 {[%clk 0:00:41]} axb4 {[%clk 0:01:29]} 31. Qxb4
{[%clk 0:00:38]} Qc1 {[%clk 0:00:59]} 32. Qe7+ {[%clk 0:00:36]} Kh6
{[%clk 0:00:51]} 33. Ne2 {[%clk 0:00:34]} Qb2 {[%clk 0:00:32]} 34. Qg5+
{[%clk 0:00:07]} Kg7 {[%clk 0:00:33]} 35. Qe7+ {[%clk 0:00:04]} Kh6
{[%clk 0:00:34]} 36. Qg5+ 1/2-1/2